000 00261nam a2200109 a 4500
008 111206s1989|||| d
100 1 _aVIŠŇOVSKÝ,PETER
245 1 0 _aČlovek v bludnom kruhu
020 _c6
260 _bOsveta
_aMartin
_c1989
044 _axo
_cSK
999 _c19899
_d19899